Gray's atlas of anatomy / (رقم التسجيلة. 24234)
[ عرض عادي ]
| 000 -الفاتح | |
|---|---|
| حقل البيانات ثابتة الطول | 01438cam a22003734a 4500 |
| 001 - رقم الضبط | |
| رقم الضبط | 14830881 |
| 003 - محدد رقم الضبط | |
| رقم الضبط | OSt |
| 005 - وقت وتاريخ اخر تعامل مع التسجيلة | |
| رقم الضبط | 20150408114046.0 |
| 008 - عناصر البيانات ثابتة الطول - معلومات عامة | |
| حقل البيانات ثابتة الطول | 120623s2008 paua | b 001 0 eng |
| 010 ## - رقم ضبط مكتبة الكونجرس | |
| رقم ضبط مكتبة الكونجرس | 2007017928 |
| 020 ## - الرقم الدولى المعيارى للكتب | |
| الرقم الدولى المعيارى للكتاب | 9780808923633 |
| 035 ## - رقم ضبط النظام | |
| رقم ضبط النظام | (DNLM)101305800 |
| 040 ## - مصدر الفهرسة | |
| وكالة الفهرسة الأصلية | DNLM/DLC |
| وكالة النسخ | MU |
| وكالة التعديل | DLC |
| 042 ## - رمز التحقق | |
| رمز التحقق | pcc |
| 050 00 - رقم طلب مكتبة الكونجرس | |
| رقم المادة | .G72 2008 |
| 060 10 - رقم الطلب بالمكتبة الطبية الوطنية | |
| رقم المادة | G784 2008 |
| 082 00 - رقم تصنيف ديوى العشرى | |
| رقم التصنيف | 611.00223 G R A |
| رقم الطبعة | 22 |
| 245 00 - بيان العنوان | |
| العنوان | Gray's atlas of anatomy / |
| بيان المسئوليه,etc | Richard L. Drake ... [et al.]. |
| 246 30 - العنوان الموازى | |
| عنوان صحيح/عنوان مختصر | Atlas of anatomy |
| 250 ## - بيان الطبعة | |
| بيان الطبعة | 1st ed. |
| 260 ## - PUBLICATION, DISTRIBUTION, ETC. (IMPRINT) | |
| مكان الناشر او الموزع | Philadelphia : |
| اسم الناشر او الموزع | Churchill Livingstone, |
| تاريخ النشر أو التوزيع | c2008. |
| 300 ## - الوصف المادى | |
| التعداد | xvi, 558 p. ; |
| تفاصيل ماديه اخرى للوعاء | mostly col. ill. : |
| أبعاد الوعاء | 28 cm. |
| 500 ## - تبصرة عامة | |
| تبصرة عامة | Companion to: Gray's anatomy for students / Richard L. Drake, Wayne Vogl, Adam W.M. Mitchell. 2005. |
| 504 ## - تبصرة ببليوجرافية | |
| تبصرة ببليوجرافية,الخ | Includes and index. |
| 505 0# - تبصرة محتويات-الفهرس | |
| تبصرة المحتويات المصاغة | The Body -- Back -- Thorax -- Abdomen -- Pelvis and perineum -- Lower limb -- Upper limb -- Head and neck. |
| 650 #4 - المدخل الاضافى بالموضوع-مصطلح موضوعى | |
| مصطلح موضوعي أو اسم جغرافي كعنصر مدخل | Anatomy |
| التقسيم الفرعي الشكلي | Atlases. |
| 650 #4 - المدخل الاضافى بالموضوع-مصطلح موضوعى | |
| مصطلح موضوعي أو اسم جغرافي كعنصر مدخل | Anatomy |
| التقسيم الفرعي الشكلي | Atlases. |
| 700 1# - المدخل الاضافى - اسم شخصى | |
| الإسم الشخصى | Drake, Richard L. |
| الشكل الأكمل للاسم | (Richard Lee), |
| التواريخ المصاحبة للاسم | 1950- |
| 9 (RLIN) | 16174 |
| 700 1# - المدخل الاضافى - اسم شخصى | |
| الإسم الشخصى | Drake, Richard L. |
| الشكل الأكمل للاسم | (Richard Lee), |
| التواريخ المصاحبة للاسم | 1950- |
| عنوان العمل | Gray's anatomy for students. |
| 9 (RLIN) | 16175 |
| 700 1# - المدخل الاضافى - اسم شخصى | |
| الإسم الشخصى | Gray, Henry, |
| التواريخ المصاحبة للاسم | 1825-1861. |
| عنوان العمل | Gray's anatomy. |
| 9 (RLIN) | 16176 |
| 906 ## - عنصر بيانات محلى F, LDF (RLIN) | |
| a | 0 |
| b | vip |
| c | orignew |
| d | 1 |
| e | ecip |
| f | 20 |
| g | y-gencatlg |
| 942 ## - عناصر المدخل الإضافي( كوها) | |
| مصدر التصنيف او مخطط الترفيف | Dewey Decimal Classification |
| Koha [default] item type | DVD |
| حالة الفقد | نموذج السعر الفعال | حالة تلف | ليس للاعارة | رقم الطلب | رقم النسخة | تاريخ الاكتساب | الموقع الحالي | الباركود | الفرع الرئيسي | Total Renewals | Date last checked out | Date last seen | نوع المادة فى نظام كوها | مصدر التصنيف او خطة الترفيف | Total Checkouts |
|---|---|---|---|---|---|---|---|---|---|---|---|---|---|---|---|
| 2013-03-10 | 611.00223 G R A | C.1 | 2012-06-23 | المكتبة المركزية بالمجمعة (CL) | 00109669 | المكتبة المركزية بالمجمعة (CL) | 1 | 2018-02-18 | 2023-09-21 | كتاب | Dewey Decimal Classification | 10 | |||
| 2013-03-10 | 611.00223 G R A | C.2 | 2012-06-23 | المكتبة المركزية بالمجمعة (CL) | 00109668 | المكتبة المركزية بالمجمعة (CL) | 5 | 2017-03-06 | 2024-07-01 | كتاب | Dewey Decimal Classification | 12 | |||
| 2013-03-10 | 611.00223 G R A | C.3 | 2012-06-23 | المكتبة المركزية بالمجمعة (CL) | 00109667 | المكتبة المركزية بالمجمعة (CL) | 2 | 2014-04-01 | 2014-04-27 | كتاب | Dewey Decimal Classification | 5 |
